000 00411nam a2200157 i 4500
001 bg
100 1 _aSPIRALSKI, Ludwik
245 0 _aMiernictwo układów scalonych /
_cLudwik Spiralski, Jerzy Kołodziciski.
250 _aWyd.2 popr.i rozsz.
260 _aWarszawa,
_c1977.
700 1 _aKOŁODZICISKI, Jerzy
040 _cBPK
041 _apol
942 _cKS
008 s pl f |000 0 pol
999 _c27709
_d27709
856 _uhttp://koha.tu.koszalin.pl/cgi-bin/koha/opac-detail.pl?biblionumber=27709
_yKatalog online BPK